| 000 | 00571ntm a2200157 i 4500 | ||
|---|---|---|---|
| 001 | 111262 | ||
| 003 | ES-MaACL | ||
| 005 | 20230906185255.0 | ||
| 007 | t| | ||
| 008 | 190509q18001899sp r ||||1| spa d | ||
| 245 | 0 | 0 |
_aProvincia de Cuenca [ _hManuscrito]. |
| 260 | _bS.XIX. | ||
| 300 |
_a1 h. ; _c21 cm. |
||
| 651 | 4 |
_aCuenca (Provincia)- _xDescripción. _9137110 |
|
| 852 |
_aES-MaACL _jB-8924(9) _z.- Legado de Federico de Botella y de Hornos _z.- Encuadernado en un vol. facticio agrupado con el nombre en el lomo: España, geología, memorias y documentos varios 1 a 8 |
||
| 999 |
_c111262 _d111262 |
||